000 00872nmc a2200301 a 4500
003 AR-BaBNM
005 20251128204935.0
008 286019s1978 ||||||||||||||000 | spa||
040 _cAR-BaBNM
245 1 0 _aDistribución del ingreso
250 _a1ª ed.
260 _aMéxico, D.F.
_bFondo de Cultura Económica
_c1978
300 0 _a524 p.
_btablas, gráfs.
490 0 _aLecturas. Serie de lecturas de El Trimestre Económico
_vv. 7
500 0 _aIndice de nombres: p. 513-516
650 4 _aECONOMIA
650 4 _aMACROECONOMIA
650 4 _aPOLITICA ECONOMICA
650 4 _aDESARROLLO ECONOMICO
650 4 _aDISTRIBUCION DE INGRESOS
650 4 _aINGRESO
650 4 _aINGRESO NACIONAL
650 4 _aCRECIMIENTO ECONOMICO
700 1 _aFoxley, Alejandro
_ecompilador
800 1 _aSoberón M., Oscar
_edirector
942 _cBK
998 _cEnrique
999 _c9423
_d9423